000 00494nam a2200169Ia 4500
003 GCL
005 20240530103842.0
008 140319s9999 xx 000 0 ara d
040 _aGCL /
_cGCL
082 0 4 _a370.1
_bى ف
100 1 _aيوسف ميخائيل اسعد
245 1 0 _aفلسفة برتراند رسل التربوية /
_cيوسف ميخائيل اسعد
490 _aكتاب
_v0
650 0 4 _aالتعليم
650 0 4 _aعلم النفس التربوى
942 _2ddc
_cBK
999 _c42969
_d42969